| 000 | 00613nam a2200205 a 4500 | ||
|---|---|---|---|
| 005 | 20240925065030.0 | ||
| 008 | 991125s19802000bar 000 0 spa u | ||
| 020 | _a8432988014 | ||
| 035 | _aUPN01000049608 | ||
| 049 | _aCG | ||
| 050 | 4 |
_aBF125 _aB3.6 |
|
| 100 | 1 | _aBarriga, Silverio | |
| 245 | 1 | 0 |
_aPsicología general / _cSilverio Barriga ; colab. Antonio Caparrós... [et al.]. |
| 260 |
_aBarcelona (Esp.) : _bCEAC, _c1980 (2000 reimp.). |
||
| 300 |
_a308 p. : _bil. |
||
| 440 | 0 | _aBiblioteca básica de psicología | |
| 650 | 4 |
_aPsicología _938 |
|
| 700 | 1 |
_aCaparrós, Antonio, _ecolab. |
|
| 905 | _aLibro | ||
| 999 |
_c49608 _d49608 |
||